000 00296nam a22001337a 4500
008 180316b xxu||||| |||| 00| 0 eng d
020 _a9780495912637
041 _aeng
080 _a371
100 _a25
101 _aEDU
245 _aA Pocket Guide to APA Style
_cPerrin, R
942 _2udc
_cBK
999 _c45234
_d45234